LDR 01054naa#a2200169#i#450# 001 RU\\bibl\20260 005 20260701141546.3 100 ## _a20260630b2026####ek#y0rusy0150####ca 102 ## _aRU 200 1# _aСРАВНИТЕЛЬНЫЙ АНАЛИЗ ПРОГРАММ МОДЕЛИРОВАНИЯ ANYLOGIC 8 И ANYDYNAMICS 8 ПРИ МОДЕЛИРОВАНИИ ФИЗИЧЕСКИХ ПРОЦЕССОВ _eСтатья/тезисы конференции 210 1# _aВоронеж _cВоронежский государственный лесотехнический университет имени Г.Ф. Морозова _d2026 215 ## _a10 с. 608 ## _aСтатья/тезисы конференции _2local 675 ## _aИнформационные технологии. Компьютерные технологии. Теория вычислительных машин и систем. 004 _z 700 #1 _aПолуэктов _gАлександр Владимирович 700 #1 _aМакаренко _gФилипп Владимирович 856 4# _abibl.vgltu.ru _u